Flying Type Pokemon Moves - Statistics

General Stats
  • This quiz has been taken 76 times
  • The average score is 19 of 30
Answer Stats
Hint Answer % Correct
F Fly
96%
W Wing Attack
93%
P Peck
91%
A Aerial Ace
89%
A Air Cutter
87%
A Air Slash
87%
B Brave Bird
83%
S Sky Attack
83%
D Drill Peck
80%
F Feather Dance
80%
G Gust
78%
T Tailwind
78%
H Hurricane
76%
R Roost
72%
A Aeroblast
70%
P Pluck
70%
A Acrobatics
61%
B Bounce
61%
M Mirror Move
61%
S Sky Drop
59%
B Beak Blast
50%
D Defog
46%
M Max Airstream
43%
C Chatter
39%
D Dragon Ascent
39%
D Dual Wingbeat
39%
O Oblivion Wing
37%
S Supersonic Skystrike
37%
F Floaty Fall
20%
G G-Max Wind Rage
17%
No matching quizzes found
Score Distribution
Percent of People with Each Score
Percentile by Number Answered
Your Score History
You have not taken this quiz